Луи де Фюнес. Не говорите обо мне слишком много, дети мои!: пер. с фр.

Bibliografske podrobnosti
Glavni avtor: Фюнес П. Патрик де
Drugi avtorji: Фюнес О. Оливье де
Izvleček:Всем известен актер Луи де Фюнес и его роли; но каким был Фюнес-человек, всегда чуравшийся публичности, мало кто знает; к тому же отрицательные черты его персонажей — глупость, жадность и вздорный нрав — зачастую проецировались на его личность. Эта книга предоставляет читателю редкую возможность: увидеть подлинного Луи де Фюнеса глазами самых близких ему людей, его сыновей Патрика и Оливье, приоткрыть завесу над частной жизнью великого комика, побывать на его творческой «кухне», узнать, как складывались его отношения с партнерами по фильмам — Жаном Маре, Бурвилем, Жаном Габеном и другими звездами первой величины. В искреннем и проникновенном рассказе перед читателем предстает человек, самозабвенно преданный искусству.
Jezik:ruščina
Izdano: Москва, Текст, 2007
Teme:
Format: Knjiga
KOHA link:https://koha.lib.tpu.ru/cgi-bin/koha/opac-detail.pl?biblionumber=154803

MARC

LEADER 00000nam0a2200000 4500
001 154803
005 20231031152024.0
010 |a 9785751606503 
035 |a (RuTPU)RU\TPU\book\167902 
090 |a 154803 
100 |a 20090304d2007 m y0rusy50 ca 
101 1 |a rus  |c fre 
102 |a RU 
105 |a y z 000ab 
200 1 |a Луи де Фюнес. Не говорите обо мне слишком много, дети мои!  |e пер. с фр.  |f П. Фюнес, О. Фюнес 
210 |a Москва  |c Текст  |d 2007 
215 |a 205 с. 
330 |a Всем известен актер Луи де Фюнес и его роли; но каким был Фюнес-человек, всегда чуравшийся публичности, мало кто знает; к тому же отрицательные черты его персонажей — глупость, жадность и вздорный нрав — зачастую проецировались на его личность. Эта книга предоставляет читателю редкую возможность: увидеть подлинного Луи де Фюнеса глазами самых близких ему людей, его сыновей Патрика и Оливье, приоткрыть завесу над частной жизнью великого комика, побывать на его творческой «кухне», узнать, как складывались его отношения с партнерами по фильмам — Жаном Маре, Бурвилем, Жаном Габеном и другими звездами первой величины. В искреннем и проникновенном рассказе перед читателем предстает человек, самозабвенно преданный искусству. 
600 1 |a Фюнес  |c актер  |f 1914-1983  |b Луи де  |2 stltpush  |3 (RuTPU)RU\TPU\pers\24302 
610 1 |a кино 
610 1 |a кинопроизводство 
610 1 |a Франция 
610 1 |a актеры 
675 |a 791.44.071  |v 3 
700 1 |a Фюнес  |b П.  |g Патрик де 
701 1 |a Фюнес  |b О.  |g Оливье де 
801 1 |a RU  |b 63413507  |c 20090304  |g PSBO 
801 2 |a RU  |b 63413507  |c 20090826  |g PSBO 
942 |c BK 
959 |a 30/20090218  |d 1  |e 204,27  |f ХФ:1